000 00503nam a2200169Ia 4500
005 20250923144616.0
008 008 250917s9999 xx 000 0 eng d
037 _aTextual
040 _aDSWL
_beng
_cDSWL
041 _aeng
_2eng
084 _qDSWL
100 _aSaigal, K.
_9826592
245 2 _aA case study of destitute and girls in moval danger Nari-Neketan
_cby K. Saigal
260 _aDelhi
_b Delhi School of Social Work,
_c1958
942 _cTEXL
999 _c1441130
_d1441130